POSTGRADUATE MEDICINE VOLUME 2 (Record no. 216915)

MARC details
000 -LEADER
fixed length control field 00597nam a22001817a 4500
008 - FIXED-LENGTH DATA ELEMENTS--GENERAL INFORMATION
fixed length control field 260401b |||||||| |||| 00| 0 eng d
020 ## - INTERNATIONAL STANDARD BOOK NUMBER
International Standard Book Number 978-93-90595-46-4
050 ## - LIBRARY OF CONGRESS CALL NUMBER
Classification number RC 46 .P 67 2022 V. 2
100 ## - MAIN ENTRY--PERSONAL NAME
Personal name EDITOR-IN-CHIEF GURPREET S WANDER
245 ## - TITLE STATEMENT
Title POSTGRADUATE MEDICINE VOLUME 2
260 ## - PUBLICATION, DISTRIBUTION, ETC.
Place of publication, distribution, etc. NEW DELHI,
Name of publisher, distributor, etc. JAYPEE BROTHERS MEDICAL PUBLISHERS,
Date of publication, distribution, etc. 2022,
300 ## - PHYSICAL DESCRIPTION
Extent XXXi, 618 P - 1286 P, ILL
500 ## - GENERAL NOTE
General note INCLUDES BIBLIOGRAPHICAL REFERENCES AND INDEX
650 ## - SUBJECT ADDED ENTRY
Topical term or geographic name entry element INTERNAL MEDICINE
700 ## - ADDED ENTRY--PERSONAL NAME
Personal name PK DEB, SK SHARMA, SURINDER K JINDAL
942 ## - ADDED ENTRY ELEMENTS (KOHA)
Source of classification or shelving scheme Library of Congress Classification
Koha item type Long Loan Book
Holdings
Withdrawn status Lost status Source of classification or shelving scheme Damaged status Not for loan Collection Home library Current library Shelving location Date acquired Inventory number Total checkouts Full call number Barcode Date last seen Copy number Price effective from Koha item type
    Library of Congress Classification     Medicine Kisii University Library Kisii University Library On Display 04/01/2026 112715   RC 46 .P 67 2022 V.2 A000534 04/01/2026 1 04/01/2026 Long Loan Book
    Library of Congress Classification     Medicine Kisii University Library Kisii University Library On Display 04/01/2026 112716   RC 46 .P 67 2022 V.2 A000536 04/01/2026 2 04/01/2026 Long Loan Book
    Library of Congress Classification     Medicine Kisii University Library Kisii University Library On Display 04/01/2026 112717   RC 46 .P 67 2022 V.2 A000538 04/01/2026 3 04/01/2026 Long Loan Book
    Library of Congress Classification     Medicine Kisii University Library Kisii University Library On Display 04/01/2026 112718   RC 46 .P 67 2022 V.2 A000540 04/01/2026 4 04/01/2026 Long Loan Book